000 00568nam a2200181 u 4500
001 000537456
003 AM-YeHGA
005 20250617135431.0
008 070521s1976 ||| r 000 0 rus d
040 _aAM-YeHGA
041 0 _arus
100 1 _aАникеев, Евгений Иванович
245 1 0 _aХолодный душ :
_bБасни /
_cЕвгений Аникеев.
260 _aМосква :
_bМоск. рабочий,
_c1976.
300 _a77 с. :
_bпортр.
653 0 _aРусская советская поэзия
090 _c201836
999 _c200351
_d200351